Pemikiran al-Ghazaki tentang pendidikan

Bibliographic Details
Main Author: Hamid Fahmy Zarkasyi
Format: Book
Published: Kuala Lumpur : DBP , 1990
Subjects:

MARC

LEADER 00000cam a2200000 7i4500
001 0000005287
002 000005711
005 20000330.0
020 |a 9836216952 
090 0 0 |a 370   |b HAM 
100 0 |a Hamid Fahmy Zarkasyi 
245 0 0 |a Pemikiran al-Ghazaki tentang pendidikan   |c Hamid Fahmy Zarkasyi 
260 |a Kuala Lumpur :   |b DBP ,   |c 1990 
300 |a 101p. ;   |c 20cm. 
650 0 0 |a Islamic education 
999 |a 033509   |b BUKU   |c PINJAMAN   |e PERPUSTAKAAN KOMUNITI PETALING JAYA